000 00711nam a2200217Ia 4500
001 8928
003 GE_BSU
008 181216s||||||||xx |||||||||||||| ||und||
040 _cGE_BSU
100 _aკაჭახიძე,გიორგი
245 _aერთტომეული
245 _bლექსები
245 _cრედ.ჯ.ნიქაბაძე.მხატვ.დავით.დუნდუა
260 _aთბილისი
260 _bსაბჭოთა საქართველო
260 _c1970
300 _a358გვ.პორტრეტი.20სმ.
653 _aერთტომეული
653 _aლექსები
942 _cBK
999 _c42233
_d42233